书目信息 |
| 题名: |
人类改变和制造元素的历程
|
|
| 作者: | 形继祖 , 何静华 主编 | |
| 分册: | ||
| 出版信息: | 广州 广州出版社 2003.08 |
|
| 页数: | 108页 | |
| 开本: | 18cm | |
| 丛书名: | 科学文丛 | |
| 单 册: | ||
| 中图分类: | O611 | |
| 科图分类: | ||
| 主题词: | 无机化学 | |
| 电子资源: | ||
| ISBN: | 7-83638-873-5 | |
| 000 | 00873n 2200265 450 | |
| 001 | 073000002322 | |
| 005 | 20091114152415.24 | |
| 010 | @a7-83638-873-5@dCNY9.00 | |
| 100 | @a20040228d emy0chiy0121 eb | |
| 101 | 0 | @achi |
| 105 | @ay 000000zy | |
| 200 | @a人类改变和制造元素的历程@Aren lei gai bian he zhi zao yuan su de li cheng@f何静华,形继祖主编@Fhe jing hua,xing ji zu zhu bian | |
| 210 | @a广州@c广州出版社@d2003.08 | |
| 215 | @a108页@d18cm | |
| 225 | 2 | @a科学文丛 |
| 300 | 2 | @a炼金者的梦@9ke xue wen cong@v(96) |
| 330 | @a本书主要介绍了化学领域里科学家改变、探索、制造元素的历程。 | |
| 410 | 0 | @12001 @a科学文丛 |
| 606 | 0 | @a无机化学 |
| 690 | @aO611@v4 | |
| 701 | 0 | @a形继祖@Axing ji zu@4主编 |
| 701 | 0 | @a何静华@Ahe jing hua@4主编 |
| 801 | 0 | @c20091114 |
| 905 | @aBZT@dO611@e2 | |
| 999 | @tC@Axiuxia@a20040228 10:49:08@Ixiuxia@i20040228 10:49:10 | |
| 人类改变和制造元素的历程/何静华,形继祖主编.-广州:广州出版社,2003.08 |
| 108页;18cm.-(科学文丛) |
| 炼金者的梦 |
| ISBN 7-83638-873-5:CNY9.00 |
| 本书主要介绍了化学领域里科学家改变、探索、制造元素的历程。 |
| ● |
| 相关链接 |
|
|
|
正题名:人类改变和制造元素的历程
索取号:O611/2
 
预约/预借
| 序号 | 登录号 | 条形码 | 馆藏地/架位号 | 状态 | 备注 |
| 1 | 427271 | 210554363 | 中心书库北库/ 北库023架A面3列2层117/ [索取号:O611/2] | 在馆 | |
| 2 | 427272 | 210554354 | 中心书库北库/ 北库023架A面3列2层118/ [索取号:O611/2] | 在馆 | |
| 3 | 427273 | 210554345 | 中心书库北库/ 北库023架A面3列2层99/ [索取号:O611/2] | 在馆 | |
| 4 | 427274 | 210554336 | 中心书库北库/ 北库023架A面3列2层100/ [索取号:O611/2] | 在馆 | |
| 5 | 427275 | 210554327 | 中心书库北库/ 北库023架A面3列2层120/ [索取号:O611/2] | 在馆 | |
| 6 | 427276 | 210554318 | 中心书库北库/ 北库023架A面3列2层101/ [索取号:O611/2] | 在馆 | |
| 7 | 427277 | 210554309 | 中心书库北库/ 北库023架A面3列2层102/ [索取号:O611/2] | 在馆 | |
| 8 | 427278 | 210554292 | 中心书库北库/ 北库023架A面3列2层119/ [索取号:O611/2] | 在馆 | |
| 9 | 427279 | 210554274 | 中心书库北库/ 北库023架A面3列2层103/ [索取号:O611/2] | 在馆 | |
| 10 | 427280 | 210554283 | 中心书库北库/ 北库023架A面3列2层104/ [索取号:O611/2] | 在馆 |